Field guide to corals and coral associates of Andaman and Nicobar islands / (Record no. 42327)

MARC details
000 -LEADER
fixed length control field 00854nam a22002297a 4500
005 - DATE AND TIME OF LATEST TRANSACTION
control field 2010080306446.0
010 ## - LCCN (DPL NO)
LC control number ENG-100771
020 ## - INTERNATIONAL STANDARD BOOK NUMBER
International Standard Book Number 9788181712455
Terms of availability 1200.00
035 ## - SYSTEM CONTROL NUMBER
System control number EN-84304
037 ## - SOURCE OF ACQUISITION
Source of stock number/acquisition DBAD/PUB
082 ## - DEWEY DECIMAL CLASSIFICATION NUMBER
Classification number 577.789
100 ## - MAIN ENTRY--PERSONAL NAME
Personal name Rao, D. V.
245 ## - TITLE STATEMENT
Title Field guide to corals and coral associates of Andaman and Nicobar islands /
Statement of responsibility, etc by D. V. Rao
260 ## - PUBLICATION, DISTRIBUTION, ETC. (IMPRINT)
Place of publication, distribution, etc Kolkata
Name of publisher, distributor, etc Zoological Survey of India
Date of publication, distribution, etc 2010
270 ## - ADDRESS
Address 234/4 A. J. C. Bose Road, 2nd MSO Building, Nizam Palace
City Kolkata
Postal code 700020
300 ## - PHYSICAL DESCRIPTION
Extent xi, 281 p.
Dimensions 25cm (Hb)
650 ## - SUBJECT ADDED ENTRY--TOPICAL TERM
Topical term or geographic name as entry element Coral
700 ## - ADDED ENTRY--PERSONAL NAME
9 (RLIN) 4162
Personal name Ssarma, R. M.
700 ## - ADDED ENTRY--PERSONAL NAME
Personal name Ojha, praveen
9 (RLIN) 5587
942 ## - ADDED ENTRY ELEMENTS (KOHA)
Source of classification or shelving scheme Dewey Decimal Classification
Item type English Books
Classification part 577.789
Call number suffix RAO
Holdings
Withdrawn status Lost status Not for loan Collection code Home library Current library Date acquired Cost, normal purchase price Full call number Barcode Copy number Cost, replacement price Koha item type
    Not For Loan Non-fiction D.B.Act.Division D.B.Act.Division 17/08/2010 1200.00 577.789 RAO EN-84304 1 1200.00 English Books

© Delhi Public Library
Hit Counter
free hit counter